PvZ2 Worlds [Adventure Mode] - Statistics

General Stats
  • This quiz has been taken 546 times
  • The average score is 5 of 11
Answer Stats
Answer % Correct
Ancient Egypt
88%
Pirate Seas
77%
Wild West
68%
Far Future
47%
Modern Day
46%
Frostbite Caves
43%
Dark Ages
39%
Lost City
36%
Big Wave Beach
33%
Neon Mixtape Tour
27%
Jurassic Marsh
22%
No matching quizzes found
Score Distribution
Percent of People with Each Score
Percentile by Number Answered
Your Score History
You have not taken this quiz